MARC details
| 000 -CABECERA |
| campo de control de longitud fija |
01542nam a22003977a 4500 |
| 003 - IDENTIFICADOR DEL NÚMERO DE CONTROL |
| campo de control |
CHAP |
| 005 - FECHA Y HORA DE LA ÚLTIMA TRANSACCIÓN |
| campo de control |
20220329143736.0 |
| 008 - DATOS DE LONGITUD FIJA--INFORMACIÓN GENERAL |
| campo de control de longitud fija |
110520s2011 mx r 00010 spa d |
| 010 ## - NÚMERO DE CONTROL DE LA BIBLIOTECA DEL CONGRESO |
| Número de control de LC |
101247 |
| 011 ## - ENLACE DEL NUMERO DE CONTROL DE LA BIBLIOTECA DEL CONGRESO [OBSOLETO] |
| Número de control de LC |
102219 |
| 035 ## - NÚMERO DE CONTROL DEL SISTEMA |
| Número de control de sistema |
112907 |
| 040 ## - FUENTE DE LA CATALOGACIÓN |
| Centro/agencia transcriptor |
CHAP |
| 090 ## - LOCALMENTE ASIGNADO TIPO-LC NÚMERO DE CLASIFICACIÓN (OCLC); NÚMERO DE CLASIFICACIÓN LOCAL (RLIN) |
| Número de clasificación (OCLC) (R) ; Numero de clasificación, CALL (RLIN) (NR) |
Tesis |
| 100 1# - ENTRADA PRINCIPAL--NOMBRE DE PERSONA |
| Nombre de persona |
Bautista Espinosa, Rosa María. |
| 9 (RLIN) |
10906 |
| 245 10 - MENCIÓN DE TÍTULO |
| Título |
Modelos de mezclas en las funciones de supervivencia |
| Medio |
[En línea] |
| Mención de responsabilidad, etc. |
/por Rosa María Bautista Espinosa |
| 260 ## - PUBLICACIÓN, DISTRIBUCIÓN, ETC. |
| Lugar de publicación, distribución, etc. |
Chapingo, Méx. : |
| Nombre del editor, distribuidor, etc. |
El autor, |
| Fecha de publicación, distribución, etc. |
2011 |
| 500 ## - NOTA GENERAL |
| Nota general |
Para ver el contenido del material haga clic en la liga |
| 502 ## - NOTA DE TESIS |
| Nota de tesis |
Tesis (Lic. en Estadística) -- UACH. División de Ciencias Forestales |
| 590 ## - NOTA LOCAL (RLIN) |
| Nota local |
ALEPH |
| Procedencia (VM) [OBSOLETO] |
10 |
| Condición del los carretes individuales (VM) [OBSOLETO] |
20130110 |
| -- |
UCH01 |
| -- |
1540 |
| 590 ## - NOTA LOCAL (RLIN) |
| Nota local |
BATCH-UPD |
| Procedencia (VM) [OBSOLETO] |
10 |
| Condición del los carretes individuales (VM) [OBSOLETO] |
20130110 |
| -- |
UCH01 |
| -- |
1154 |
| 590 ## - NOTA LOCAL (RLIN) |
| Nota local |
BATCH-UPD |
| Procedencia (VM) [OBSOLETO] |
10 |
| Condición del los carretes individuales (VM) [OBSOLETO] |
20130410 |
| -- |
UCH01 |
| -- |
0737 |
| 590 ## - NOTA LOCAL (RLIN) |
| Nota local |
BATCH-UPD |
| Procedencia (VM) [OBSOLETO] |
10 |
| Condición del los carretes individuales (VM) [OBSOLETO] |
20130914 |
| -- |
UCH01 |
| -- |
0348 |
| 590 ## - NOTA LOCAL (RLIN) |
| Nota local |
BATCH-UPD |
| Procedencia (VM) [OBSOLETO] |
10 |
| Condición del los carretes individuales (VM) [OBSOLETO] |
20140324 |
| -- |
UCH01 |
| -- |
1525 |
| 590 ## - NOTA LOCAL (RLIN) |
| Nota local |
BATCH-UPD |
| Procedencia (VM) [OBSOLETO] |
10 |
| Condición del los carretes individuales (VM) [OBSOLETO] |
20141002 |
| -- |
UCH01 |
| -- |
0849 |
| 590 ## - NOTA LOCAL (RLIN) |
| Nota local |
BATCH |
| Procedencia (VM) [OBSOLETO] |
00 |
| Condición del los carretes individuales (VM) [OBSOLETO] |
20181121 |
| -- |
UCH01 |
| -- |
0758 |
| 590 ## - NOTA LOCAL (RLIN) |
| Nota local |
CONVERSION |
| Procedencia (VM) [OBSOLETO] |
10 |
| Condición del los carretes individuales (VM) [OBSOLETO] |
20130109 |
| -- |
UCH01 |
| -- |
1356 |
| 650 14 - PUNTO DE ACCESO ADICIONAL DE MATERIA--TÉRMINO DE MATERIA |
| Término de materia o nombre geográfico como elemento de entrada |
Análisis estadístico. |
| 9 (RLIN) |
5984 |
| 650 14 - PUNTO DE ACCESO ADICIONAL DE MATERIA--TÉRMINO DE MATERIA |
| Término de materia o nombre geográfico como elemento de entrada |
Calidad |
| Subdivisión general |
Control de la |
| -- |
Métodos estadísticos. |
| 9 (RLIN) |
17485 |
| 650 14 - PUNTO DE ACCESO ADICIONAL DE MATERIA--TÉRMINO DE MATERIA |
| Término de materia o nombre geográfico como elemento de entrada |
Muestreo estadístico. |
| 9 (RLIN) |
79288 |
| 856 ## - LOCALIZACIÓN Y ACCESO ELECTRÓNICOS |
| Especificación de materiales |
Finding aid |
| Identificador Uniforme del Recurso |
<a href="http://10.13.5.2/tesis/112907.pdf">http://10.13.5.2/tesis/112907.pdf</a> |
| Nota pública |
Teclea aqui |
| 856 ## - LOCALIZACIÓN Y ACCESO ELECTRÓNICOS |
| Nombre del host |
1 |
| Nombre de la localización del host |
0000836 |
| 901 ## - ELEMENTOS DE DATOS A LOCAL LDA (RLIN) |
| a |
BK |
| 942 ## - ELEMENTOS DE PUNTO DE ACCESO ADICIONAL (KOHA) |
| Tipo de ítem Koha |
Folleto |
| 949 ## - PROCESAMIENTO DE INFORMACIÓN LOCAL (OCLC) |
| a |
Tesis |
| b |
BC |
| c |
TES |
| d |
33724002251496 |
| e |
TS1 |
| g |
DonaciØn |
| h |
52247 |
| i |
112907 |
| s |
t |
| 949 ## - PROCESAMIENTO DE INFORMACIÓN LOCAL (OCLC) |
| a |
Tesis |
| b |
BC |
| c |
TES |
| d |
33724002251991 |
| e |
TS2 |
| f |
c.2 |
| g |
DonaciØn |
| h |
52248 |
| i |
112907 |
| s |
t |